000 00411nam a22001697a 4500
005 20180719155640.0
008 160623b xxu||||| |||| 00| 0 eng d
020 _a978-81-203-1730-7
041 _aeng
082 _b9310
_a658.15244
100 _aBhattacharya, Hrisihikesh
_92560
245 _aWorking Capital Management
260 _bPHI
_c2007
300 _a419p,
650 _aManagement
_9241
942 _cBK
999 _c3649
_d3648